000
00292nam a22001217a 4500
008
170324b xxu||||| |||| 00| 0 eng d
041
_a
eng
080
_a
615.83
100
_a
8
101
_a
SHM
245
_a
RESEARCH IN PHYSICAL EDUCATION RECREATION AND HEALTH
_c
CLARKE.D.H
942
_2
udc
_c
BK
999
_c
8596
_d
8596